Architectures et espaces fictifs dans l'Antiquité: textes-images

Guardado en:
Detalles Bibliográficos
Autores principales: Herbert de la Portbarré-Viard, Gaelle (Autor), Robert, Renaud (Autor)
Formato: Libro
Lenguaje:francés
Publicado: Burdeos Ausonius Editions 2018
Edición:1a. ed
Colección:Scripta Antiqua, 114
Materias:
Etiquetas: Agregar Etiqueta
Sin Etiquetas, Sea el primero en etiquetar este registro!

MARC

LEADER 00000cam a2200000 a 4500
001 UCC9304
003 CL-VaPUC
008 190914e20180000fr |||||||||||||||||fre|d
020 |a 9782356132277 
082 0 4 |a 720.9  |b HER  |2 21 
100 0 |a Herbert de la Portbarré-Viard, Gaelle  |e author  |9 604293 
700 0 |a Robert, Renaud  |e author  |9 604294 
245 1 0 |a Architectures et espaces fictifs dans l'Antiquité: textes-images 
250 |a 1a. ed 
300 |a 226 p 
942 |c BK 
945 |d 20190914 23:07:00  |a dcastane 
260 |a Burdeos  |b Ausonius Editions  |c 2018 
650 0 |a Arquitectura antigua  |9 262616 
650 0 |a Historia de la arquitectura  |9 266241 
583 |a last modification  |c 20190914 23:07:00  |k Rodrigo Vera 
490 0 |a Scripta Antiqua, 114 
999 |c 375490  |d 375488 
952 |0 0  |1 0  |3 erb  |4 0  |6 720_900000000000000_HER_2018  |7 0  |8 A  |9 494478  |a BIBHIS  |b BIBHIS  |i 5601479  |o 720.9 HER 2018  |p 5601479  |r 2025-01-20  |w 2019-11-24  |y BK  |z Catalogado en:20190914  |k HIS